|
|
|
|
| LEADER |
00000nab a2200000 a 4500 |
| 001 |
vtls010604546 |
| 003 |
SK-MaSNL |
| 005 |
20260429131523.0 |
| 008 |
140619c2013 xo r 000 00slo |
| 015 |
|
|
|a SNBRA2014/07SVKPO
|
| 038 |
|
|
|a SVKPO
|
| 040 |
|
|
|a SVKPOCL
|b slo
|c SVKPOCL
|e AACR2
|
| 041 |
0 |
|
|a slo
|
| 044 |
|
|
|a xo
|c SK
|
| 080 |
|
|
|a 17
|2 2001
|
| 080 |
|
|
|a 331.542
|2 2001
|
| 080 |
|
|
|a 174
|2 2001
|
| 080 |
|
|
|a (048.82)
|2 2001
|
| 100 |
1 |
|
|a Gluchman, Vasil,
|d 1959-
|4 aut
|9 205476
|
| 245 |
1 |
0 |
|a Sociálna relevantnosť profesijnej etiky
|c Vasil Gluchman
|
| 504 |
|
|
|a Bibliogr. odkazy
|
| 650 |
0 |
7 |
|a etika
|2 svkpocl
|9 792
|
| 650 |
0 |
7 |
|a profesijná etika
|2 svkpocl
|9 15135
|
| 650 |
0 |
7 |
|a profesie
|2 svkpocl
|9 2345
|
| 650 |
0 |
7 |
|a status povolania
|2 svkpocl
|9 1095695
|
| 655 |
|
7 |
|a štúdie
|2 svkpocl
|9 57033
|
| 773 |
0 |
|
|t Etika v profesiách / Vasil Gluchman (ed.) /d Prešov : Filozofická fakulta Prešovskej univerzity, 2013
|g S. 12-23
|z 978-80-555-1030-9
|
| 852 |
|
|
|a SVKPO
|b KIS3GCP
|
| 958 |
|
|
|a SK
|
| 958 |
|
|
|a NB
|
| 999 |
|
|
|c 3292113
|d 3294043
|